[Event "Ile et Vilaine-ch"]
[Site "Ile et Vilaine"]
[Date "2003.02.15"]
[Round "6"]
[White "Martin, Yvon"]
[Black "Legault, Michel"]
[Result "1/2-1/2"]
[WhiteElo "1640"]
[BlackElo "1630"]
[PlyCount "87"]
[EventDate "2002.10.19"]
[EventType "swiss"]
[EventRounds "7"]
[EventCountry "FRA"]
[SourceTitle "EXT 2008"]
[Source "ChessBase"]
[SourceDate "2007.11.25"]
[SourceVersion "1"]
[SourceVersionDate "2007.11.25"]
[SourceQuality "1"]

1. d4 Nf6 2. c4 g6 3. Nc3 Bg7 4. Bg5 c5 5. d5 d6 6. Qd2 0-0 7. Rd1 Nbd7 8. Nf3 a6 9. e4 Qc7 10. Bh6 Re8 11. Be2 Ng4 12. Bxg7 Kxg7 13. Ng5 Nh6 14. h4 Nf6 15. h5 Bg4 16. Bxg4 Nhxg4 17. hxg6 hxg6 18. f3 Ne5 19. b3 Rh8 20. Ke2 Rad8 21. Rde1 Qb8 22. f4 Neg4 23. Kf3 Rxh1 24. Rxh1 Rh8 25. Qe1 Qc8 26. Rh4 Nh2+ 27. Ke2 Rxh4 28. Qxh4 Qg4+ 29. Qxg4 Nhxg4 30. Kf3 Nh6 31. a3 Ne8 32. b4 Nc7 33. bxc5 dxc5 34. Na4 b5 35. cxb5 Nxb5 36. Nxc5 Nxa3 37. Nxa6 Nb5 38. Nc5 Kf8 39. Ke2 Nc7 40. Kd3 Ke8 41. Kc4 Ng4 42. Kd3 f5 43. exf5 gxf5 44. Kd4 1/2-1/2

[Event "Ile et Vilaine-ch"]
[Site "Ile et Vilaine"]
[Date "2002.11.30"]
[Round "3"]
[White "Legault, Michel"]
[Black "Payoux, Sebastien"]
[Result "0-1"]
[WhiteElo "1630"]
[BlackElo "1700"]
[PlyCount "66"]
[EventDate "2002.10.19"]
[EventType "swiss"]
[EventRounds "7"]
[EventCountry "FRA"]
[SourceTitle "EXT 2008"]
[Source "ChessBase"]
[SourceDate "2007.11.25"]
[SourceVersion "1"]
[SourceVersionDate "2007.11.25"]
[SourceQuality "1"]

1. e4 e6 2. d4 d5 3. Nc3 Nf6 4. e5 Nfd7 5. Bd3 c5 6. Be3 Nc6 7. Bb5 cxd4 8. Bxd4 Qg5 9. Nf3 Qxg2 10. Rg1 Qh3 11. Rg3 Qh5 12. Bxc6 bxc6 13. Ne2 Bc5 14. Rg5 Qxf3 15. Bxc5 Nxc5 16. Qd4 Ne4 17. Rxg7 c5 18. Ng1 Qf4 19. Qe3 Qxe5 20. Rg4 Qxb2 21. Rd1 Qc3+ 22. Qxc3 Nxc3 23. Rd2 Rb8 24. Rd3 Rb1+ 25. Kd2 Ne4+ 26. Ke2 Ba6 27. Kf3 Bxd3 28. cxd3 Nf6 29. Ra4 Rb7 30. Ne2 Ke7 31. Nc3 Ra8 32. Ra5 Nd7 33. Ke3 d4+ 0-1

[Event "Ile et Vilaine-ch"]
[Site "Ile et Vilaine"]
[Date "2002.10.19"]
[Round "1"]
[White "Legault, Michel"]
[Black "Prioul, Jean"]
[Result "0-1"]
[WhiteElo "1630"]
[BlackElo "2040"]
[PlyCount "55"]
[EventDate "2002.10.19"]
[EventType "swiss"]
[EventRounds "7"]
[EventCountry "FRA"]
[SourceTitle "EXT 2008"]
[Source "ChessBase"]
[SourceDate "2007.11.25"]
[SourceVersion "1"]
[SourceVersionDate "2007.11.25"]
[SourceQuality "1"]

1. e4 d6 2. d4 Nf6 3. Nc3 g6 4. Be3 c6 5. Qd2 b5 6. a3 Nbd7 7. Bd3 Bg7 8. Nge2 Rb8 9. 0-0 0-0 10. h3 Nb6 11. f4 Nc4 12. Qc1 Nxe3 13. Qxe3 Qb6 14. b4 e5 15. f5 Nd7 16. Qg3 exd4 17. Nd1 c5 18. Nf4 Bb7 19. bxc5 dxc5 20. Rb1 a6 21. fxg6 hxg6 22. Nf2 Ne5 23. Be2 c4 24. h4 Bxe4 25. Nxe4 d3+ 26. Kh1 dxe2 27. Nxe2 f5 28. N2c3 0-1

[Event "Ile et Vilaine-chA 0001"]
[Site "Ile et Vilaine"]
[Date "2000.11.11"]
[Round "2"]
[White "Hydouin, Jean"]
[Black "Legault, Michel"]
[Result "1-0"]
[WhiteElo "1840"]
[BlackElo "1600"]
[PlyCount "109"]
[EventDate "2000.10.21"]
[EventType "swiss"]
[EventRounds "7"]
[EventCountry "FRA"]
[SourceTitle "EXT 2007"]
[Source "ChessBase"]
[SourceDate "2006.11.23"]
[SourceVersion "1"]
[SourceVersionDate "2006.11.23"]
[SourceQuality "1"]

1. c4 e5 2. Nc3 Nf6 3. Nf3 Nc6 4. e3 Bb4 5. Qc2 0-0 6. Nd5 Re8 7. Bd3 h6 8. Nxf6+ Qxf6 9. Be4 Bc5 10. a3 a5 11. b3 d6 12. Bb2 Be6 13. 0-0 Rad8 14. Rad1 d5 15. cxd5 Bxd5 16. Bxd5 Rxd5 17. e4 Qg6 18. d3 Bxf2+ 19. Rxf2 Rd7 20. Nh4 Qg4 21. Nf5 Kh7 22. Rf3 f6 23. Rg3 Qh5 24. Qd2 Rh8 25. Rh3 Qg6 26. Bc1 Kg8 27. Rg3 Qh5 28. Qe1 Kf8 29. Be3 b6 30. Rh3 Qf7 31. Qc3 Ne7 32. d4 c5 33. d5 Nxf5 34. exf5 Rxd5 35. Rxd5 Qxd5 36. Bd2 Ke7 37. Qd3 Rd8 38. Qxd5 Rxd5 39. Bc3 Rd7 40. Kf2 Kd8 41. Ke2 Kc7 42. Rd3 Rd6 43. Ke3 Rxd3+ 44. Kxd3 Kc6 45. Ke4 Kd6 46. g4 Kc6 47. h4 Kd6 48. a4 Kc6 49. g5 hxg5 50. hxg5 Kd6 51. gxf6 gxf6 52. Be1 Kc6 53. Bh4 b5 54. Bxf6 bxa4 55. bxa4 1-0

[Event "Ile et Vilaine-chA 0001"]
[Site "Ile et Vilaine"]
[Date "2000.10.21"]
[Round "1"]
[White "Legault, Michel"]
[Black "Derian, Emmanuel"]
[Result "1-0"]
[WhiteElo "1600"]
[BlackElo "1890"]
[PlyCount "131"]
[EventDate "2000.10.21"]
[EventType "swiss"]
[EventRounds "7"]
[EventCountry "FRA"]
[SourceTitle "EXT 2007"]
[Source "ChessBase"]
[SourceDate "2006.11.23"]
[SourceVersion "1"]
[SourceVersionDate "2006.11.23"]
[SourceQuality "1"]

1. e4 b6 2. d4 Bb7 3. Bd3 e6 4. Nf3 Be7 5. Bf4 d5 6. e5 Nd7 7. 0-0 g5 8. Be3 h5 9. h3 Nh6 10. Nh2 Nf5 11. Be2 Ng7 12. Nd2 c5 13. c3 Qc7 14. Ndf3 g4 15. hxg4 hxg4 16. Nxg4 0-0-0 17. Bg5 Nf8 18. Bxe7 Qxe7 19. Qa4 Kc7 20. Qa3 Nd7 21. Bb5 Nf5 22. g3 f6 23. Kg2 fxe5 24. Bxd7 Qxd7 25. Ngxe5 Qg7 26. Rh1 Rhg8 27. Rh3 cxd4 28. cxd4 Nxd4 29. Rah1 Qf6 30. Rh7+ Rg7 31. Qc3+ Nc6 32. Nxc6 Qxc3 33. bxc3 Rdd7 34. Rxg7 Rxg7 35. Nce5 Kd6 36. Rd1 Kc5 37. Rd4 b5 38. a3 a5 39. Nd3+ Kd6 40. Nfe5 Ba6 41. f4 Rc7 42. g4 Rxc3 43. g5 Rxa3 44. g6 Rc3 45. g7 Rc8 46. Nf7+ Ke7 47. Nh6 Kf6 48. g8Q Rxg8+ 49. Nxg8+ Kf7 50. Nc5 Bc8 51. Nh6+ Ke7 52. Ng4 Kd6 53. Nb3 a4 54. Na5 Kc5 55. Rd1 Kb4 56. Rc1 Kxa5 57. Rxc8 a3 58. Ne3 Kb4 59. Nc2+ Ka4 60. Ra8+ Kb3 61. Nxa3 b4 62. Nb5 Kb2 63. Nd4 b3 64. Nxe6 Kc3 65. Rc8+ Kd2 66. f5 1-0